000 00614nam a22002055i 4500
001 53189
003 ES-MaACL
005 20250704062527.0
007 t|
008 950913s1853 sp ||||1| spa d
040 _aCAM
_bspa
_cCAM
100 1 _aDumas, Alexandre,
_d1802-1870
_eaut
_9241135
245 1 3 _aEl vizconde de Bragelonne รณ los mosqueteros /
_cpor Alejandro Dumas.
250 _aEd. ilustrada con 60 grabados.
260 _aMadrid ;
_aParis :
_bestablecimiento de Mellado,
_c1853.
300 _a2 v. ;
_c24 cm.
852 _aES-MaACL
_jC-2802-3
942 _2udc
999 _c53189
_d53189